Culture and Christianity : (Record no. 122051)
[ view plain ]
| 000 -LEADER | |
|---|---|
| fixed length control field | 00811cam a22002535i 4500 |
| 001 - CONTROL NUMBER | |
| control field | 18224432 |
| 003 - CONTROL NUMBER IDENTIFIER | |
| control field | ARRUPE |
| 005 - DATE AND TIME OF LATEST TRANSACTION | |
| control field | 20150312174611.0 |
| 008 - FIXED-LENGTH DATA ELEMENTS--GENERAL INFORMATION | |
| fixed length control field | 140714s2013 rh b 001 0 eng |
| 010 ## - LIBRARY OF CONGRESS CONTROL NUMBER | |
| LC control number | 2013439984 |
| 020 ## - INTERNATIONAL STANDARD BOOK NUMBER | |
| International Standard Book Number | 9780797451865 |
| 040 ## - CATALOGING SOURCE | |
| Original cataloging agency | DLC |
| Language of cataloging | eng |
| Transcribing agency | DLC |
| Description conventions | rda |
| 042 ## - AUTHENTICATION CODE | |
| Authentication code | pcc |
| 050 ## - LIBRARY OF CONGRESS CALL NUMBER | |
| Classification number | DT2913.N44 |
| Item number | N337 2013 |
| 300 ## - PHYSICAL DESCRIPTION | |
| Dimensions | 22 cm |
| 100 1# - MAIN ENTRY--PERSONAL NAME | |
| Personal name | Ndlovu, Innocent. |
| 9 (RLIN) | 15137 |
| 245 10 - TITLE STATEMENT | |
| Title | Culture and Christianity : |
| Remainder of title | death and burial among the Kalanga and Ndebele today / |
| Statement of responsibility, etc | by Innocent Ndlovu. |
| 260 ## - PUBLICATION, DISTRIBUTION, ETC. (IMPRINT) | |
| Place of publication, distribution, etc | Plumtree |
| Name of publisher, distributor, etc | ILIZWI |
| Date of publication, distribution, etc | 2013 |
| 300 ## - PHYSICAL DESCRIPTION | |
| Extent | x,176 p. ; |
| 650 ## - SUBJECT ADDED ENTRY--TOPICAL TERM | |
| Topical term or geographic name as entry element | Ndebele (African people) |
| General subdivision | Funeral rites |
| 9 (RLIN) | 16317 |
| 650 ## - SUBJECT ADDED ENTRY--TOPICAL TERM | |
| Topical term or geographic name as entry element | Kalanga (African people) |
| General subdivision | Funeral rites |
| 9 (RLIN) | 16318 |
| 906 ## - LOCAL DATA ELEMENT F, LDF (RLIN) | |
| a | 0 |
| b | ibc |
| c | origode |
| d | 3 |
| e | ncip |
| f | 20 |
| g | y-gencatlg |
| 942 ## - ADDED ENTRY ELEMENTS (KOHA) | |
| Source of classification or shelving scheme | Library of Congress Classification |
| Koha item type | Monograph ( Printed materials) |
| Withdrawn status | Lost status | Source of classification or shelving scheme | Damaged status | Not for loan | Collection code | Home library | Current library | Shelving location | Date acquired | Total Checkouts | Full call number | Barcode | Date last seen | Date checked out | Price effective from | Koha item type |
|---|---|---|---|---|---|---|---|---|---|---|---|---|---|---|---|---|
| Library of Congress Classification | Main Collection | ARRUPE LIBRARY | ARRUPE LIBRARY | Main Collection | 17/02/2015 | 2 | DT2913.N44N337 2013 | 46500001030 | 17/02/2020 | 31/01/2020 | 17/02/2015 | Monograph ( Printed materials) |